The Simpsons Quotes - Statistics

General Stats
  • This quiz has been taken 61 times
  • The average score is 11 of 14
Answer Stats
Person who said it Phrase % Correct
Bart {Eat} my shorts!
98%
Mr. Burns Release the {hounds}!
91%
Bart {Ay} Caramba!
87%
Nelson {Smell} ya later!
85%
Comic Book Guy Worst...{Episode}...Ever...
85%
Apu Thank you, {come again}.
81%
Homer Here's to {alcohol}, the cause of - and solution to - all life's problems.
79%
Milhouse Everything's coming up {Milhouse}!
77%
Ralph Hi, Super{Nintendo} Chalmers.
77%
Ralph Me fail English? That's {unpossible}.
77%
Lisa If anyone wants me, I'll be {in my room}.
72%
Homer You don't win friends with {salad}.
70%
Kent Brockman I, for one, welcome our new insect {overlords}.
66%
Duffman Duffman is {thrusting} in the direction of the problem.
57%
No matching quizzes found
Score Distribution
Percent of People with Each Score
Percentile by Number Answered
Your Score History
You have not taken this quiz